• 首页
  • 本馆介绍
  • 公告通知
  • 最新文献
  • 馆藏检索
  • 电子资源
  • 读者导购
  • 参考咨询
  • 我的图书馆
  • 登录
  • 详细信息显示
  • 放入我的书架
  • 预约/预借图书
  • 作者相关作品
  • 分类相关作品
  • 丛书相关作品
  • 出版社相关作品

书目信息

  • 表格格式
  • 工作单格式
  • 卡片格式
题名:
帝国主义对第三世界国家的控制和剥削
    
 
作者: 许乃炯 编
分册:  
出版信息: 北京   人民出版社  1978
页数: 489页
开本: 20cm
丛书名:
单 册:
中图分类: F112.1
科图分类:
主题词: 帝国主义国家-国际经济关系-第三世界--统计资料 , 国际经济关系-帝国主义国家-第三世界--统计资料 , 第三世界-国际经济关系-帝国主义国家--统计资料 , 经济--世界 , 国际经济关系
电子资源:
ISBN:
000 00880nam2 2200289 45
001 0178005756
005 20040425091806.3
010    @dCNY1.75
091    @a4001.324
100    @a19950714d1978 em y0chiy0121 ea
101 0  @achi
102    @aCN@b110000
105    @ay z 000yy
106    @ar
200 10 @a帝国主义对第三世界国家的控制和剥削@Adi guo zhu yi dui di san shi jie guo jia de kong zhi he bao xue@e统计资料@f许乃炯等编
210    @a北京@c人民出版社@d1978
215    @a489页@d20cm
300    @a国内发行
606    @a帝国主义国家-国际经济关系-第三世界@x统计资料
606    @a国际经济关系-帝国主义国家-第三世界@x统计资料
606    @a第三世界-国际经济关系-帝国主义国家@x统计资料
606 0  @a经济@x世界
606 0  @a国际经济关系
690    @aF112.1@v3
701  0 @a许乃炯@Axu nai jiong@4编
801  0 @aCN@bNLC@c20040331
905    @dF112.1@e4@f1@b7548
    
    帝国主义对第三世界国家的控制和剥削:统计资料/许乃炯等编.-北京:人民出版社,1978
    489页;20cm
    国内发行
    
    ISBN :CNY1.75
    
●
相关链接 在E读中查询图书 在五车中查询图书 在当当中查询图书 在豆瓣中查询图书


正题名:帝国主义对第三世界国家的控制和剥削     索取号:F112.1/4         预约/预借

序号 登录号 条形码 馆藏地/架位号 状态 备注
1 0007548   000196674   第一样本阅览室/ [索取号:F112.1/4] 在馆    
唐山师范学院图书馆 欢迎您!
大连网信软件有限公司© 版权所有